Women who love too much : (Record no. 1031)
[ view plain ]
| 000 -LEADER | |
|---|---|
| fixed length control field | 01307nam a2200409 a 4500 |
| 005 - DATE AND TIME OF LATEST TRANSACTION | |
| control field | 20260322212044.0 |
| 008 - FIXED-LENGTH DATA ELEMENTS--GENERAL INFORMATION | |
| fixed length control field | data |
| 010 ## - LIBRARY OF CONGRESS CONTROL NUMBER | |
| LC control number | 85004654 |
| 020 ## - INTERNATIONAL STANDARD BOOK NUMBER | |
| International Standard Book Number | 0874773555 : |
| Terms of availability | {dollar}14.95 |
| 020 ## - INTERNATIONAL STANDARD BOOK NUMBER | |
| International Standard Book Number | 9780874773552 : |
| Terms of availability | {dollar}14.95 |
| 020 ## - INTERNATIONAL STANDARD BOOK NUMBER | |
| International Standard Book Number | 0874773555 |
| 020 ## - INTERNATIONAL STANDARD BOOK NUMBER | |
| International Standard Book Number | 9780874773552 |
| 020 ## - INTERNATIONAL STANDARD BOOK NUMBER | |
| International Standard Book Number | 0671733419 |
| 020 ## - INTERNATIONAL STANDARD BOOK NUMBER | |
| International Standard Book Number | 9780671733414 |
| 020 ## - INTERNATIONAL STANDARD BOOK NUMBER | |
| International Standard Book Number | 9781416550211 |
| 020 ## - INTERNATIONAL STANDARD BOOK NUMBER | |
| International Standard Book Number | 1416550216 |
| 040 ## - CATALOGING SOURCE | |
| Modifying agency | CStRLIN |
| 049 ## - LOCAL HOLDINGS (OCLC) | |
| Holding library | MBXY |
| 050 0# - LIBRARY OF CONGRESS CALL NUMBER | |
| Classification number | HQ1206 |
| Item number | .N77 1985 |
| 001 - CONTROL NUMBER | |
| control field | data |
| 100 1# - MAIN ENTRY--PERSONAL NAME | |
| Personal name | Norwood, Robin. |
| 245 10 - TITLE STATEMENT | |
| Title | Women who love too much : |
| Remainder of title | when you keep wishing and hoping he'll change / |
| Statement of responsibility, etc. | Robin Norwood. |
| 250 ## - EDITION STATEMENT | |
| Edition statement | 1st ed. |
| 260 0# - PUBLICATION, DISTRIBUTION, ETC. | |
| Place of publication, distribution, etc. | New York : |
| Name of publisher, distributor, etc. | Distributed by St. Martin's Press, |
| Place of publication, distribution, etc. | New York : |
| Name of publisher, distributor, etc. | Distributed by St. Martin's Press, |
| Date of publication, distribution, etc. | c1985. |
| 300 ## - PHYSICAL DESCRIPTION | |
| Extent | 266 p. ; |
| Dimensions | 22 cm. |
| 500 ## - GENERAL NOTE | |
| General note | Includes index. |
| 504 ## - BIBLIOGRAPHY, ETC. NOTE | |
| Bibliography, etc. note | Bibliography: p. 255-257. |
| 590 ## - LOCAL NOTE (RLIN) | |
| Local note | Bibliography: p. 255-257. |
| 590 ## - LOCAL NOTE (RLIN) | |
| Local note | Includes index. |
| 650 #0 - SUBJECT ADDED ENTRY--TOPICAL TERM | |
| Topical term or geographic name entry element | Women |
| General subdivision | Psychology. |
| 650 #0 - SUBJECT ADDED ENTRY--TOPICAL TERM | |
| Topical term or geographic name entry element | Love |
| General subdivision | Psychological aspects. |
| 650 #0 - SUBJECT ADDED ENTRY--TOPICAL TERM | |
| Topical term or geographic name entry element | Alcoholics |
| General subdivision | Family relationships. |
| 938 ## - | |
| -- | Baker & Taylor |
| -- | BKTY |
| -- | 17.95 |
| -- | 13.46 |
| -- | 0874773555 |
| -- | 0000953244 |
| -- | active |
| 938 ## - | |
| -- | Baker and Taylor |
| -- | BTCP |
| -- | 85004654 //r913 |
| -- | {dollar}14.95 |
| 938 ## - | |
| -- | YBP Library Services |
| -- | YANK |
| -- | 917451 |
| 994 ## - | |
| -- | C0 |
| -- | MBX |
| Withdrawn status | Lost status | Damaged status | Not for loan | Home library | Current library | Shelving location | Date acquired | Total checkouts | Full call number | Barcode | Date last seen | Price effective from | Koha item type |
|---|---|---|---|---|---|---|---|---|---|---|---|---|---|
| Springfield | Springfield | General stacks | 22/03/2026 | HQ1206 .N77 1985 | BC0011065 | 22/03/2026 | 22/03/2026 | Books |